|
|
|
|
| LEADER |
00000nas a2200000 a 4500 |
| 001 |
ssj0011937 |
| 003 |
WaSeSS |
| 005 |
20200512172242.0 |
| 006 |
m d |
| 007 |
cr n |
| 008 |
980206c19679999cauqr p s o 0 a0eng c |
| 010 |
|
|
|a 2006236965
|
| 016 |
7 |
|
|a 2065762-6
|2 DE-600
|
| 022 |
|
|
|a 1937-2108
|l 0001-9933
|y 0001-9933
|
| 035 |
|
|
|a (WaSeSS)ssj0011937
|
| 037 |
|
|
|b MIT Press Journals, 238 Main St., Ste. 500, Cambridge, MA 02142
|
| 040 |
|
|
|a FGA
|b eng
|e pn
|c FGA
|d OCL
|d OCLCQ
|d CUS
|d OCLCQ
|d TXU
|d BUF
|d OCLCQ
|d EYM
|d HUL
|d NSD
|d MUQ
|d OCLCQ
|d TXA
|d SERSO
|d OCLCQ
|d OCLCO
|d BUF
|d OCLCF
|d OCLCO
|d OCLCQ
|d OCLCE
|d DEBBG
|d WT2
|d OCLCQ
|d WYU
|d VT2
|d SFB
|d OCLCQ
|d WaSeSS
|
| 042 |
|
|
|a pcc
|a nsdp
|
| 043 |
|
|
|a f------
|
| 050 |
0 |
0 |
|a NX587
|b .A6
|
| 050 |
1 |
4 |
|a N7380.A1
|b A33
|
| 082 |
1 |
0 |
|a 709.6
|2 13
|
| 130 |
0 |
|
|a African arts (Online)
|
| 222 |
|
0 |
|a African arts
|b (Online)
|
| 245 |
1 |
0 |
|a African arts
|h [electronic resource] =
|b Arts d'Afrique.
|
| 246 |
1 |
1 |
|a Arts d'Afrique
|
| 260 |
|
|
|a Los Angeles :
|b African Studies Center, University of California, Los Angeles,
|c ©1967-
|
| 310 |
|
|
|a Quarterly
|
| 362 |
1 |
|
|a Began with: Vol. 1, no. 1 (autumn 1967).
|
| 500 |
|
|
|a A quarterly devoted to the graphic, plastic, performing, and literary arts of Africa.
|
| 500 |
|
|
|a Published by: University of California, Los Angeles, 1979-
|
| 506 |
|
|
|a License restrictions may limit access.
|
| 538 |
|
|
|a Mode of access: World Wide Web.
|
| 546 |
|
|
|a In English and French, autumn 1967-spring 1970; in English, summer 1970-
|
| 588 |
0 |
|
|a Vol. 1, no. 1 (autumn 1967); title from PDF cover (JSTOR, viewed Apr. 28, 2011).
|
| 588 |
1 |
|
|a Vol. 38, no. 4 (winter 2005) (JSTOR, viewed Apr. 28, 2011).
|
| 650 |
|
0 |
|a Arts
|z Africa
|v Periodicals.
|
| 650 |
|
6 |
|a Art africain
|v Périodiques.
|
| 650 |
|
7 |
|a Arts.
|2 fast
|0 (OCoLC)fst00817721
|
| 651 |
|
7 |
|a Africa.
|2 fast
|0 (OCoLC)fst01239509
|
| 655 |
|
0 |
|a Electronic journals.
|
| 710 |
2 |
|
|a University of California, Los Angeles.
|b African Studies Center.
|
| 776 |
0 |
8 |
|i Print version:
|t African arts
|x 0001-9933
|w (DLC)sf 77000055
|w (OCoLC)1461383
|
| 856 |
4 |
0 |
|z Full text available from Research Library: 04/01/1990 to 12/31/2012
|u https://search.proquest.com/publication/35901
|